Movies Quiz

Random Movies or Decade Quiz
Score 0/55 Timer 10:00
0 Plays Today
% Correct
Avengers: Age of Ultron
87%
Lost in Translation
84%
American Hustle
80.2%
Black Swan
78.9%
The Proposal
78.7%
Gravity
78.3%
Walk the Line
76.8%
The Curious Case of Benjamin Button
73.9%
Les Misérables
73.5%
Die Another Day
71.7%
Thor
70.7%
Hancock
70.6%
The Dark Knight Rises
70.5%
The Aviator
69%
Moulin Rouge!
67.5%
Batman v Superman: Dawn of Justice
66.7%
Mad Max: Fury Road
66.5%
Monster's Ball
65.1%
The Blind Side
62.4%
Water for Elephants
62.2%
Mamma Mia!
61.6%
The Hobbit: An Unexpected Journey
61.3%
No Strings Attached
61.1%
Interstellar
60.1%
Monster
59.6%
Cold Mountain
58.6%
Catwoman
57.4%
Swordfish
57.3%
% Correct
V for Vendetta
55%
The Muppets
53.8%
Love & Other Drugs
53.6%
Cloud Atlas
53.3%
It's Complicated
52.7%
The Prestige
51.6%
Into the Woods
51.5%
Girl with a Pearl Earring
51%
Crash
49.1%
The Hours
48.7%
Extremely Loud & Incredibly Close
47.7%
The Other Boleyn Girl
47.1%
This Means War
46.2%
Elizabeth: The Golden Age
44.2%
Prometheus
42.5%
Adaptation.
40.4%
The Master
40%
The Golden Compass
39.9%
Just Like Heaven
38%
The Interpreter
37.6%
Closer
36.6%
Becoming Jane
36.1%
Lions for Lambs
30.7%
In the Valley of Elah
28.8%
Notes on a Scandal
26.1%
On the Road
24.4%
Rendition
19.2%

You're not logged in!

Compare scores with friends on all Sporcle quizzes.
OR
Log In

Sporcle TV

Today on Sporcle TV


Watch our educational content, quiz creation guides, and fun videos on Sporcle TV.

Show Comments

Extras

Top Quizzes Today


Score Distribution

Your Account Isn't Verified!

In order to create a playlist on Sporcle, you need to verify the email address you used during registration. Go to your Sporcle Settings to finish the process.

Report this User

Report this user for behavior that violates our Community Guidelines.

Details: